China : (Registro nro. 11684)

Detalles MARC
000 -LEADER
fixed length control field 00995nam a2200217Ia 4500
003 - CONTROL NUMBER IDENTIFIER
control field OSt
005 - DATE AND TIME OF LATEST TRANSACTION
control field 20210512184917.0
008 - FIXED-LENGTH DATA ELEMENTS--GENERAL INFORMATION
fixed length control field 210310s2006 ck gr 000 0 spa d
020 ## - INTERNATIONAL STANDARD BOOK NUMBER
International Standard Book Number 9788200695
040 ## - CATALOGING SOURCE
Original cataloging agency CO-JMCR
Transcribing agency CO-JMCR
041 0# - LANGUAGE CODE
Language code of text/sound track or separate title spa
082 04 - DEWEY DECIMAL CLASSIFICATION NUMBER
Classification number 330.951 /
Item number E131c
Edition number 23
100 1# - MAIN ENTRY--PERSONAL NAME
Personal name Echavarría, Federico,
Relator term autor
9 (RLIN) 26184
245 10 - TITLE STATEMENT
Title China :
Remainder of title entre la hoz y el martillo y la economía de mercado /
Statement of responsibility, etc. Federico Echavarría
250 ## - EDITION STATEMENT
Edition statement Primera edición
260 ## - PUBLICATION, DISTRIBUTION, ETC.
Place of publication, distribution, etc. Bogotá :
Name of publisher, distributor, etc. Universidad Sergio Arboleda,
Date of publication, distribution, etc. 2006.
300 ## - PHYSICAL DESCRIPTION
Extent 327 páginas ;
Dimensions 24 cm.
505 0# - FORMATTED CONTENTS NOTE
Formatted contents note Saludo de los embajadores latinoamericanos. -- La enorme casa. -- Visitas de cortesía. -- Presentación de credenciales. -- Reunión Con Han Xu. -- Cuando comí Alacrán. -- El día nacional.-- La ciudad prohibida. -- Embajada de Lord Macartney. -- Vida del diplomático. -- Los derechos humanos. -- Beijin. -- El palacio de verano. -- Variedad de bicicletas
650 ## - SUBJECT ADDED ENTRY--TOPICAL TERM
Topical term or geographic name entry element #N/A
9 (RLIN) 26186
942 ## - ADDED ENTRY ELEMENTS (KOHA)
Source of classification or shelving scheme Dewey Decimal Classification
Koha item type Books
Existencias
Withdrawn status Lost status Damaged status Not for loan Home library Current library Date acquired Total Checkouts Barcode Date last seen Price effective from Koha item type
        Biblioteca Pública José María del Castillo y Rada Biblioteca Pública José María del Castillo y Rada 03/10/2021   430002128 05/16/2024 03/10/2021 Books